000 00672nam a2200253Ia 4500
003 OSt
005 20220918163210.0
006 a|||||r|||| 00| 0
007 ta
008 220917b |||||||| |||| 00| 0 eng d
020 _a0 233 96598 X
024 _a28,040
037 _cTextual
040 _aARTS
_cARTS
_beng
041 _2eng
_aeng
082 _aO111,2N26,1, L4
100 _aShaffer Peter
_911957
245 0 _aShrivings
_b a play in three acts
260 _aLondon
_bAdre Deutsch UK
_c1974
300 _a105p.
_ccm.
650 _aENGLISH LITERATURE
942 _hO111,2N26,1, L4
_cTEXL
_2CC
999 _c118402
_d118402